[Event "EU-ch Rapid"]
[Site "Katowice"]
[Date "2022.12.17"]
[Round "4"]
[White "Karolczuk, Iwo"]
[Black "Caprino, Marco"]
[Result "1-0"]
[WhiteElo "2327"]
[BlackElo "2074"]
[PlyCount "97"]
[EventDate "2022.12.17"]
[EventType "swiss (rapid)"]
[EventRounds "11"]
[EventCountry "POL"]
[SourceTitle "CBM 211 Extra"]
[Source "ChessBase"]
[SourceDate "2023.01.31"]
[SourceVersion "1"]
[SourceVersionDate "2023.01.31"]
[SourceQuality "1"]

1. e4 c5 2. Nc3 g6 3. d4 cxd4 4. Qxd4 Nf6 5. Be3 Nc6 6. Qd2 Ng4 7. Bf4 Bg7 8. f3 Nge5 9. 0-0-0 d6 10. h4 h5 11. Kb1 Be6 12. Nd5 a6 13. Nh3 Rc8 14. Be3 Bxd5 15. exd5 Nb8 16. Bd4 Qc7 17. f4 Nf3 18. gxf3 Bxd4 19. f5 gxf5 20. Bd3 Bf6 21. Bxf5 Qb6 22. c4 Nd7 23. Rc1 Rc5 24. f4 Qc7 25. Qe2 Nb6 26. b3 a5 27. Ng5 a4 28. Ne4 Bd4 29. Qd2 Bg7 30. Rhg1 Bh6 31. Nxc5 dxc5 32. Rcf1 Nc8 33. Qc3 Rf8 34. Bxc8 Qxc8 35. Qe5 Qh3 36. Re1 Kd8 37. Qxe7+ Kc8 38. Qxc5+ Kb8 39. Qe3 Qxh4 40. d6 Bxf4 41. Qe7 Qxe7 42. dxe7 Re8 43. Rgf1 Bd2 44. Rxf7 Kc7 45. Rf8 Bxe1 46. Rxe8 Kd7 47. Rh8 Kxe7 48. Rxh5 axb3 49. Re5+ 1-0

[Event "ITA-ch sf 81st"]
[Site "Acqui Terme"]
[Date "2022.06.18"]
[Round "8"]
[White "Bettalli, Francesco"]
[Black "Caprino, Marco"]
[Result "1/2-1/2"]
[WhiteElo "2304"]
[BlackElo "2071"]
[PlyCount "93"]
[EventDate "2022.06.12"]
[EventType "swiss"]
[EventRounds "9"]
[EventCountry "ITA"]
[SourceTitle "CBM 208 Extra"]
[Source "ChessBase"]
[SourceDate "2022.07.31"]
[SourceVersion "1"]
[SourceVersionDate "2022.07.31"]
[SourceQuality "1"]

1. d4 c5 2. d5 g6 3. e4 Bg7 4. Nf3 d6 5. Nc3 Nf6 6. Be2 0-0 7. 0-0 Na6 8. Nd2 Nc7 9. a4 b6 10. Re1 e5 11. Nc4 Ba6 12. f4 exf4 13. Bxf4 Nh5 14. Bxh5 Bxc4 15. Bf3 Bd4+ 16. Kh1 Qf6 17. Qd2 Be5 18. Bg5 Qh8 19. Nd1 h5 20. c3 f6 21. Be3 Qh7 22. Bf2 Ba6 23. Ne3 Qh6 24. Qd1 Rae8 25. a5 b5 26. Rc1 Bc8 27. b4 c4 28. Qd2 g5 29. Nc2 a6 30. Bd4 Kg7 31. Qf2 Re7 32. Rf1 Qg6 33. Rce1 Ref7 34. Qd2 Bd7 35. Bd1 Kh7 36. Be3 Ne8 37. Nd4 Ng7 38. Nf3 Kg8 39. Kg1 g4 40. Nxe5 fxe5 41. Bc2 Rxf1+ 42. Rxf1 Rxf1+ 43. Kxf1 Ne8 44. Bg5 Nf6 45. Bxf6 Qxf6+ 46. Qf2 Kg7 47. Qxf6+ 1/2-1/2

[Event "Arco Christmas op 11th"]
[Site "Arco"]
[Date "2021.12.29"]
[Round "5"]
[White "Budyi, Danylo"]
[Black "Caprino, Marco"]
[Result "1/2-1/2"]
[WhiteElo "1928"]
[BlackElo "2023"]
[PlyCount "101"]
[EventDate "2021.12.26"]
[EventType "swiss"]
[EventRounds "7"]
[EventCountry "ITA"]
[SourceTitle "CBM 205 Extra"]
[Source "ChessBase"]
[SourceDate "2022.01.31"]
[SourceVersion "1"]
[SourceVersionDate "2022.01.31"]
[SourceQuality "1"]

1. d4 Nf6 2. c4 c5 3. d5 b5 4. cxb5 a6 5. e3 g6 6. Nc3 Bg7 7. e4 d6 8. f3 0-0 9. Be3 Ne8 10. bxa6 Bxa6 11. Bxa6 Nxa6 12. Nge2 Qb6 13. Rb1 Nec7 14. 0-0 Nb5 15. Qb3 Rfb8 16. Rfd1 c4 17. Bxb6 cxb3 18. Bd4 bxa2 19. Nxa2 Nc5 20. Bxg7 Kxg7 21. Nac3 Nxc3 22. bxc3 Rxb1 23. Rxb1 Ra2 24. Nd4 Kf6 25. Rd1 h5 26. h4 Ra3 27. Rc1 Nd3 28. Rc2 Ra1+ 29. Kh2 Nc5 30. Kg3 Rd1 31. Kf2 Rh1 32. g3 Nd3+ 33. Ke3 Nc5 34. Nc6 Re1+ 35. Re2 Rg1 36. Kf4 e5+ 37. dxe6 Nxe6+ 38. Ke3 Rxg3 39. Rd2 g5 40. hxg5+ Rxg5 41. Rxd6 h4 42. f4 Rg3+ 43. Kf2 Kg7 44. Nd4 Rg4 45. Nxe6+ fxe6 46. Rxe6 Rxf4+ 47. Kg2 Kf7 48. Re5 Kf6 49. Re8 Kf7 50. Re5 Kf6 51. Rf5+ 1/2-1/2

[Event "Arco Christmas op 11th"]
[Site "Arco"]
[Date "2021.12.27"]
[Round "2"]
[White "Caprino, Marco"]
[Black "Garlant, Carlo"]
[Result "1-0"]
[WhiteElo "2023"]
[BlackElo "1479"]
[PlyCount "27"]
[EventDate "2021.12.26"]
[EventType "swiss"]
[EventRounds "7"]
[EventCountry "ITA"]
[SourceTitle "CBM 205 Extra"]
[Source "ChessBase"]
[SourceDate "2022.01.31"]
[SourceVersion "1"]
[SourceVersionDate "2022.01.31"]
[SourceQuality "1"]

1. e4 c6 2. d4 d5 3. f3 dxe4 4. fxe4 e6 5. Nf3 Nd7 6. Bd3 Qc7 7. 0-0 e5 8. c3 Ngf6 9. Nbd2 Be7 10. Nc4 exd4 11. cxd4 Nb6 12. e5 Nfd5 13. Ng5 Bxg5 14. Nd6+ 1-0

[Event "EU-ch blitz"]
[Site "Katowice"]
[Date "2017.12.15"]
[Round "9"]
[White "Vykouk, Jan"]
[Black "Caprino, Marco"]
[Result "1-0"]
[WhiteElo "2435"]
[BlackElo "2154"]
[PlyCount "71"]
[EventDate "2017.12.15"]
[EventType "swiss (blitz)"]
[EventRounds "22"]
[EventCountry "POL"]
[SourceTitle "CBM 182 Extra"]
[Source "ChessBase"]
[SourceDate "2018.02.23"]
[SourceVersion "1"]
[SourceVersionDate "2018.02.23"]
[SourceQuality "1"]

1. e4 c5 2. Nf3 g6 3. d4 cxd4 4. Nxd4 Bg7 5. Nc3 Nc6 6. Be3 Nf6 7. Bc4 Qa5 8. 0-0 0-0 9. Bb3 d6 10. h3 Bd7 11. Re1 Rfe8 12. Nf3 Qh5 13. Nd5 Nxd5 14. exd5 Ne5 15. Nxe5 Bxe5 16. Qxh5 gxh5 17. c3 Bf5 18. Rad1 b6 19. f4 Bf6 20. Kf2 h4 21. Rd2 Rec8 22. Bc2 Bxc2 23. Rxc2 b5 24. Kf3 a5 25. Bf2 h5 26. Re4 Rc7 27. f5 Rc4 28. Rce2 Rac8 29. Rxc4 Rxc4 30. Re4 Kg7 31. Rxc4 bxc4 32. a4 Bg5 33. Bb6 Kf6 34. Ke4 e6 35. fxe6 Bc1 36. Bd8+ 1-0

[Event "World Amateur-ch U2300"]
[Site "Spoleto"]
[Date "2017.04.08"]
[Round "9"]
[White "Caprino, Marco"]
[Black "Khulan, Enkhsaikhan"]
[Result "0-1"]
[WhiteElo "2186"]
[BlackElo "2003"]
[PlyCount "142"]
[EventDate "2017.04.01"]
[EventType "swiss"]
[EventRounds "9"]
[EventCountry "ITA"]
[SourceTitle "CBM 177 Extra"]
[Source "ChessBase"]
[SourceDate "2017.04.27"]
[SourceVersion "1"]
[SourceVersionDate "2017.04.27"]
[SourceQuality "1"]

1. c4 c6 2. g3 d5 3. Bg2 Nf6 4. Nf3 Bf5 5. 0-0 e6 6. b3 Be7 7. d3 0-0 8. Bb2 Nbd7 9. Nbd2 Rc8 10. Re1 Bg6 11. a3 b5 12. Rc1 Qb6 13. b4 bxc4 14. dxc4 a5 15. Bd4 c5 16. bxc5 Bxc5 17. Bxc5 Rxc5 18. cxd5 Nxd5 19. Rxc5 Qxc5 20. Nh4 Bc2 21. Qa1 N7f6 22. Rc1 Rc8 23. Ne4 Qf8 24. Nxf6+ Nxf6 25. Bb7 Rc5 26. Qd4 Qe7 27. Ba6 h6 28. Ng2 Rd5 29. Qc3 Rc5 30. Qe3 Nd5 31. Qd4 Rc7 32. e4 Qxa3 33. Rxc2 Rxc2 34. exd5 Rc1+ 35. Bf1 Qa1 36. Qxa1 Rxa1 37. Ne3 exd5 38. Nxd5 a4 39. Kg2 a3 40. Bc4 Rc1 41. Bb3 Rb1 42. Bc4 Rb2 43. g4 a2 44. Bxa2 Rxa2 45. Kg3 Re2 46. h4 Re5 47. Nf4 g5 48. hxg5 hxg5 49. Nh3 Ra5 50. Ng1 Ra3+ 51. Kg2 f6 52. Ne2 Kf7 53. Ng3 Ke6 54. Nh5 Ke5 55. Kh2 Ra7 56. Kg2 Rh7 57. Kg3 f5 58. Kf3 Rxh5 59. gxh5 Kf6 60. Ke3 Kg7 61. Kd4 Kh6 62. Ke5 f4 63. Ke4 Kxh5 64. Kf3 Kh4 65. Kg2 Kg4 66. Kg1 Kf5 67. Kf1 Ke4 68. Ke2 Kd4 69. Ke1 Kd3 70. Kf1 Kd2 71. Kg2 Ke2 0-1

[Event "World Amateur-ch U2300"]
[Site "Spoleto"]
[Date "2017.04.07"]
[Round "8"]
[White "Zaika, Daniil"]
[Black "Caprino, Marco"]
[Result "1-0"]
[WhiteElo "2128"]
[BlackElo "2186"]
[PlyCount "57"]
[EventDate "2017.04.01"]
[EventType "swiss"]
[EventRounds "9"]
[EventCountry "ITA"]
[SourceTitle "CBM 177 Extra"]
[Source "ChessBase"]
[SourceDate "2017.04.27"]
[SourceVersion "1"]
[SourceVersionDate "2017.04.27"]
[SourceQuality "1"]

1. d4 g6 2. Nf3 Bg7 3. e4 c5 4. d5 d6 5. Be2 Nf6 6. Nc3 0-0 7. 0-0 Na6 8. h3 Nc7 9. a4 b6 10. Bf4 a6 11. Re1 Rb8 12. e5 Nfe8 13. Bc4 b5 14. axb5 axb5 15. Bf1 Bb7 16. Bxb5 Nxb5 17. Nxb5 Bxd5 18. Qxd5 Rxb5 19. b3 e6 20. Qd2 d5 21. Ra7 Nc7 22. Bg5 Qd7 23. Nh2 Rfb8 24. Ng4 R5b7 25. Rxb7 Rxb7 26. Bf6 Bf8 27. Ra1 Ne8 28. Ra8 Ra7 29. Rd8 1-0

[Event "World Amateur-ch U2300"]
[Site "Spoleto"]
[Date "2017.04.03"]
[Round "4"]
[White "Caprino, Marco"]
[Black "Win, Tun"]
[Result "0-1"]
[WhiteElo "2186"]
[BlackElo "2230"]
[PlyCount "134"]
[EventDate "2017.04.01"]
[EventType "swiss"]
[EventRounds "9"]
[EventCountry "ITA"]
[SourceTitle "CBM 177 Extra"]
[Source "ChessBase"]
[SourceDate "2017.04.27"]
[SourceVersion "1"]
[SourceVersionDate "2017.04.27"]
[SourceQuality "1"]

1. e4 e5 2. Nf3 Nf6 3. Nxe5 d6 4. Nf3 Nxe4 5. Nc3 Nxc3 6. dxc3 Be7 7. Be3 Nc6 8. Qd2 Be6 9. Ng5 Bxg5 10. Bxg5 f6 11. Be3 0-0 12. Be2 Ne5 13. Qd4 Qe7 14. 0-0 f5 15. Bf4 Nc6 16. Qd2 Rae8 17. Bb5 a6 18. Bxc6 bxc6 19. Qd3 Bd5 20. c4 Be4 21. Qd2 c5 22. Rae1 Qf7 23. b3 h6 24. f3 Bb7 25. Rxe8 Rxe8 26. Re1 Re6 27. Rxe6 Qxe6 28. Qe3 Kf7 29. Kf2 Qf6 30. Qd3 g5 31. Bd2 g4 32. fxg4 Be4 33. Qe2 fxg4+ 34. Kg3 Bf5 35. h3 gxh3 36. gxh3 Qg6+ 37. Kh2 h5 38. Qf3 Ke6 39. b4 cxb4 40. Bxb4 Bxc2 41. Ba5 Be4 42. Qe2 c5 43. Bd2 Kd7 44. Bf4 Bd3 45. Qd1 Bxc4 46. Qf3 Qc2+ 47. Kg3 Qd3 48. Be3 Bd5 49. Qf4 Qe4 50. Qxe4 Bxe4 51. Kf4 Bg2 52. Kg5 Bf3 53. Kf4 Be2 54. Ke4 Ke6 55. Bg5 Bf1 56. h4 Bg2+ 57. Kd3 d5 58. a4 Be4+ 59. Kc3 d4+ 60. Kc4 Bd5+ 61. Kd3 Bb3 62. a5 Kd5 63. Ke2 c4 64. Kd2 Ke4 65. Bf6 c3+ 66. Kc1 Kd3 67. Be5 Kc4 0-1

[Event "ITA-ch sf"]
[Site "Civitanova Marche"]
[Date "2014.07.21"]
[Round "3"]
[White "Xia, Jie"]
[Black "Caprino, Marco"]
[Result "1-0"]
[WhiteElo "2292"]
[BlackElo "2024"]
[PlyCount "77"]
[EventDate "2014.07.19"]
[EventType "swiss"]
[EventRounds "9"]
[EventCountry "ITA"]
[SourceTitle "EXT 2024"]
[Source "ChessBase"]
[SourceDate "2023.10.10"]
[SourceVersion "1"]
[SourceVersionDate "2023.10.10"]
[SourceQuality "1"]

1. d4 g6 2. h4 h6 3. e4 Bg7 4. h5 g5 5. f4 gxf4 6. Nf3 c5 7. c3 Nf6 8. e5 Nd5 9. dxc5 Ne3 10. Bxe3 fxe3 11. Bc4 Qc7 12. Qd5 e6 13. Qd6 Qc6 14. Qd4 b6 15. Na3 bxc5 16. Qxe3 Bf8 17. Bd3 Bb7 18. Nc4 a5 19. 0-0-0 Qa4 20. Nb6 Qc6 21. Nxa8 Bxa8 22. Rhe1 Qa4 23. Be4 Nc6 24. Qd3 Be7 25. Qxd7+ Kf8 26. Bc2 Qxa2 27. Re4 Nb4 28. Rg4 Bc6 29. Qc8+ Be8 30. cxb4 axb4 31. Rd7 Qa1+ 32. Bb1 Qa5 33. Qc7 Qb5 34. Rxe7 Qf1+ 35. Kd2 Qxb1 36. Rxe8+ Kxe8 37. Qc8+ Ke7 38. Qxc5+ Ke8 39. Rxb4 1-0

[Event "Pula op 25th"]
[Site "Pula"]
[Date "2011.06.18"]
[Round "1"]
[White "Caprino, Marco"]
[Black "Zelcic, Robert"]
[Result "0-1"]
[WhiteElo "2022"]
[BlackElo "2557"]
[PlyCount "103"]
[EventDate "2011.06.18"]
[EventType "swiss"]
[EventRounds "9"]
[EventCountry "CRO"]
[SourceTitle "CBM 143 Extra"]
[Source "ChessBase"]
[SourceDate "2011.08.29"]
[SourceVersion "1"]
[SourceVersionDate "2011.08.29"]
[SourceQuality "1"]

1. Nf3 Nf6 2. c4 e6 3. g3 a6 4. Bg2 b5 5. cxb5 axb5 6. Nd4 Ra5 7. d3 c5 8. b4 cxb4 9. 0-0 d5 10. Qb3 Bc5 11. Nc2 Nc6 12. e3 0-0 13. Bd2 Ra4 14. Rc1 Bd7 15. Bf1 Bd6 16. Be1 Qb6 17. Nd2 Rfa8 18. Qb2 Qa6 19. d4 Na5 20. Rab1 Nc4 21. Nxc4 bxc4 22. Bxb4 Rxa2 23. Qxa2 Qxa2 24. Bxd6 Ne8 25. Bc5 Qa6 26. e4 Qc8 27. Ne3 Nf6 28. Bg2 Nxe4 29. Bxe4 dxe4 30. Nxc4 e3 31. Nxe3 h5 32. h4 Rb8 33. Nc4 Rxb1 34. Rxb1 Bc6 35. Bd6 Qa6 36. Ne5 Bb7 37. Bc5 Qa8 38. Re1 f6 39. Nd3 Bh1 40. Nf4 g5 41. hxg5 fxg5 42. Kh2 gxf4 43. Rxh1 Qf3 44. Rg1 Kf7 45. Rg2 Qe4 46. Bb6 f3 47. Rg1 Qe2 48. d5 exd5 49. Rb1 Ke6 50. Rb3 Kf5 51. Rb4 d4 52. Rb5+ 0-1